Технология подготовки воды для контуров котлов, парогенераторов, реакторов и систем их обеспечения: учебное пособие

Bibliographic Details
Main Author: Любимова Л. Л. Людмила Леонидовна
Corporate Author: Национальный исследовательский Томский политехнический университет (ТПУ)
Other Authors: Заворин А. С. Александр Сергеевич, Макеев А. А. Анатолий Анатольевич
Summary:Заглавие с титульного экрана
Электронная версия печатной публикации
Учебное пособие содержит сведения об основных способах обработки воды для заполнения и подпитки контуров ТЭС и АЭС, промышленно-отопительных котельных и обработки радиоактивных вод. Приведены принципиальные схемы водоочисток, в том числе состав спецводоочисток на АЭС с реакторами ВВЭР и РБМК, с обоснованием их выбора на основе характера водоисточника, источника загрязнения теплоносителя, его солесодержания и уровня активности и достигаемыми показателями качества водного теплоносителя на каждой ступени обработки. Излагаются вопросы методологии проектирования и методики инженерных расчетов схем ВПУ
Режим доступа: из корпоративной сети ТПУ
Language:Russian
Published: Томск, Изд-во ТПУ, 2009
Subjects:
Online Access:http://www.lib.tpu.ru/fulltext2/m/2013/m148.pdf
Format: Electronic Book
KOHA link:https://koha.lib.tpu.ru/cgi-bin/koha/opac-detail.pl?biblionumber=238068

MARC

LEADER 00000nlm0a2200000 4500
001 238068
005 20231101231601.0
035 |a (RuTPU)RU\TPU\book\259250 
090 |a 238068 
100 |a 20130521d2009 m y0rusy50 ca 
101 0 |a rus 
102 |a RU 
105 |a a j 001zy 
135 |a drcn ---uucaa 
181 0 |a i  
182 0 |a b 
200 1 |a Технология подготовки воды для контуров котлов, парогенераторов, реакторов и систем их обеспечения  |b Электронный ресурс  |e учебное пособие  |f Л. Л. Любимова, А. С. Заворин, А. А. Макеев  |g Национальный исследовательский Томский политехнический университет (ТПУ) 
203 |a Текст  |c электронный 
210 |a Томск  |c Изд-во ТПУ  |d 2009 
230 |a 1 компьютерный файл (pdf; 761 KB) 
300 |a Заглавие с титульного экрана 
300 |a Электронная версия печатной публикации 
330 |a Учебное пособие содержит сведения об основных способах обработки воды для заполнения и подпитки контуров ТЭС и АЭС, промышленно-отопительных котельных и обработки радиоактивных вод. Приведены принципиальные схемы водоочисток, в том числе состав спецводоочисток на АЭС с реакторами ВВЭР и РБМК, с обоснованием их выбора на основе характера водоисточника, источника загрязнения теплоносителя, его солесодержания и уровня активности и достигаемыми показателями качества водного теплоносителя на каждой ступени обработки. Излагаются вопросы методологии проектирования и методики инженерных расчетов схем ВПУ 
333 |a Режим доступа: из корпоративной сети ТПУ 
337 |a Adobe Reader 
452 1 |0 (RuTPU)RU\TPU\book\189164  |y 5-98298-4442  |t Технология подготовки воды для контуров котлов, парогенераторов, реакторов и систем их обеспечения  |o учебное пособие для вузов  |f Л. Л. Любимова, А. С. Заворин, А. А. Макеев  |g Томский политехнический университет (ТПУ)  |c Томск  |n Изд-во ТПУ  |d 2009  |p 293 с.  |a Любимова, Людмила Леонидовна 
606 1 |a Вода питательная  |x Подготовка  |x Котельные  |2 stltpush  |3 (RuTPU)RU\TPU\subj\38234  |9 58888 
610 1 |a электронный ресурс 
610 1 |a учебные пособия 
610 1 |a труды учёных ТПУ 
610 1 |a ТЭС 
610 1 |a тепловые электрические станции 
610 1 |a АЭС 
610 1 |a атомные электрические станции 
610 1 |a подпиточная вода 
610 1 |a обработка 
610 1 |a коагуляция 
610 1 |a электрокоагуляция 
610 1 |a умягчение 
610 1 |a ионирование 
610 1 |a фильтрование 
610 1 |a очистка 
610 1 |a мембранные методы 
610 1 |a дистилляция 
610 1 |a дегазация 
610 1 |a качество 
610 1 |a схемы обработки 
610 1 |a радиоактивные воды 
610 1 |a ядерные энергетические установки 
610 1 |a технологические схемы 
610 1 |a водный режим 
610 1 |a специальные водоочистные установки 
610 1 |a инженерные расчеты 
675 |a 621.182.12(075.8)  |v 3 
700 1 |a Любимова  |b Л. Л.  |c российский ученый, специалист в области парогенераторных установок  |c доцент Томского политехнического университета, кандидат технических наук  |f 1947-  |g Людмила Леонидовна  |2 stltpush  |3 (RuTPU)RU\TPU\pers\25982 
701 1 |a Заворин  |b А. С.  |c специалист в области теплотехники  |c профессор Томского политехнического университета, доктор технических наук  |f 1946-  |g Александр Сергеевич  |2 stltpush  |3 (RuTPU)RU\TPU\pers\25896 
701 1 |a Макеев  |b А. А.  |c российский ученый в области теплоэнергетики  |c кандидат технических наук, доцент Томского политехнического университета  |f 1946-2008  |g Анатолий Анатольевич  |2 stltpush  |3 (RuTPU)RU\TPU\pers\24963 
712 0 2 |a Национальный исследовательский Томский политехнический университет (ТПУ)  |c (2009- )  |2 stltpush  |3 (RuTPU)RU\TPU\col\15902 
801 1 |a RU  |b 63413507  |c 20130521 
801 2 |a RU  |b 63413507  |c 20140616  |g RCR 
856 4 |u http://www.lib.tpu.ru/fulltext2/m/2013/m148.pdf 
900 |a Технология подготовки воды 
900 |a Методы анализа природной и технологической воды 
942 |c CF